[Event "EU-ch 10th"]
[Site "Budva"]
[Date "2009.03.14"]
[Round "8"]
[White "Valeanu, Eduard Andrei"]
[Black "Simacek, Pavel"]
[Result "1/2-1/2"]
[WhiteElo "2432"]
[BlackElo "2493"]
[Annotator "Marin,M"]
[PlyCount "74"]
[EventDate "2009.03.06"]
[EventType "swiss"]
[EventRounds "11"]
[EventCountry "MNE"]
[SourceTitle "CBM 130"]
[Source "ChessBase"]
[SourceDate "2009.05.20"]
[SourceVersion "1"]
[SourceVersionDate "2009.05.20"]
[SourceQuality "1"]

1. e4 e5 2. Nf3 Nc6 3. Bb5 a6 4. Ba4 Nf6 5. O-O Nxe4 6. d4 b5 7. Bb3 d5 8. dxe5
Be6 9. Nbd2 Nc5 10. c3 Nd3 $5 {A risky experiment, which seems to be Simacek's
specialty. This knight has been moving a lot already, at a moment when Black's
development is incomplete.} 11. Qe2 Nf4 12. Qe3 g5 {The knight occupies an
active, but vulnerable, square. In order to ensure some relative stability to
this ambitious piece, Black has been forced to weaken his kingside chronically.
} 13. Rd1 {White threatens to put the weak c5- and f6-squares under pressure
with Nd2-e4.} Na5 $5 {An indirect way to parry the threat. Black gets ready to
exchange the b3-bishop, which is an important defender of White's back rank.} (
13... h6 14. Ne4 Bg7 (14... Be7 {, keeping the control of the c5-square, may
be better, but Black's position looks suspicious.}) 15. Qc5 $16 {Vesselovsky,S
(2435) -Simacek,P (2255)/Czechia 1997/EXT 1998 (1-0, 36). The d5-pawn cannot
be saved.}) (13... Qe7 {does not parry the threat.} 14. Ne4 $3 dxe4 15. Qxe4
Bd7 16. Bxf4 f5 (16... gxf4 17. Rxd7 $1 $18) 17. Qd5 gxf4 18. e6 $18 {Fiorito,
F (2455)-Panelo Munoz,M (2220)/Buenos Aires 1996/EXT 99 (1-0, 22)}) 14. h4 {
Before undertaking anything active, White avoids back rank problems by
clearing the h2-square for his king.} (14. Ne4 dxe4 $5 {reveals the idea
behind Black's previous move. White has back rank problems, but the final
conclusion is far from clear to me.} (14... Nxb3 15. Nf6+ $1) (14... Be7 15.
Nfxg5 Bxg5 16. Nxg5 $16) 15. Rxd8+ Rxd8 16. Bxe6 $1 {The only testing move.} (
16. Nd2 Bxb3 17. axb3 Nxb3 $13) (16. Qxe4 $2 Nxb3 17. Bxf4 Bd5 {0-1 Jimenez,
G-Plivelic/ARG-Cup corr 1990/Corr 2000}) 16... Rd1+ (16... exf3 17. Bxf7+ $1
Kxf7 18. Qxf3 $18) 17. Ne1 fxe6 {[%cal Gf4d3]} (17... Nd3 18. Bxf7+ $1 Kxf7 19.
e6+ Ke8 20. Bd2 Rxa1 21. Qd4 $16 {[%cal Gd4h8,Gd4d7]}) 18. b4 $1 {[%csl Gc6]} (
18. Qxe4 Nd3 $13) 18... Nc4 19. Qxe4 {Black does not seem to have sufficient
development to maintain his initiative. He may have to look at building a
fortress on the light squares, because} Nd3 $2 {loses after} 20. Qc6+ Kf7 21.
Qd7+ Be7 22. Bxg5 $18) ({It remains a mystery what Simacek planned to do after
} 14. Bc2 {, which once caused him a defeat against a strong opponent.} Bh6 15.
Ne4 g4 16. Nfg5 Bxg5 17. Nxg5 Qxg5 18. Qxf4 Qxf4 19. Bxf4 c5 20. Bg5 $16 {
Luther,T (2547)-Simacek,P (2341) /Pardubice 2000/EXT 2001 (1-0, 55)}) 14... h6
15. Ne4 dxe4 $2 {Now, the queen sacrifice will be even less effective than in
the previous line.} ({Since White has weakened his kingside, it would have
made some sense to adopt a more restrained policy with} 15... Be7 {[%cal Ga5c4,
Ge8f8] with possibilities of counterplay.} 16. hxg5 hxg5 17. Nfxg5 $2 {[%cal
Gh8h1] does not work because of} Bxg5 18. Nxg5 Qxg5 19. Qxf4 Qh5 $19) 16. Rxd8+
Rxd8 17. Nd2 (17. Bxe6 {works out at least as well as in the previous lines,
but White seems to have a wide choice of winning continuations after the
insertion of the moves h4 and ...h6.}) 17... Nxb3 18. axb3 Rd3 19. Qe1 (19.
Qxe4 Bd5) 19... e3 20. fxe3 Nd5 21. Nf3 Bc5 22. Nd4 Bg4 23. Rxa6 $18 {Black
has little to show for the sacrificed queen.} Kd7 24. Bd2 Nxe3 25. Bxe3 $6 (25.
Kh2 $5 $18) 25... Rd1 26. Qxd1 Bxd1 27. b4 Bxd4 28. cxd4 (28. Bxd4 $1 $16)
28... Bb3 29. hxg5 hxg5 30. Bxg5 Bd5 $44 31. Bf4 Rg8 32. g3 Rh8 33. Rh6 Rxh6
34. Bxh6 Ke6 35. Kf2 c6 36. g4 Be4 37. Ke3 Bd5 1/2-1/2

[Event "EU-ch 8th"]
[Site "Dresden"]
[Date "2007.04.05"]
[Round "3"]
[White "Nijboer, Friso"]
[Black "Howell, David"]
[Result "1/2-1/2"]
[WhiteElo "2606"]
[BlackElo "2518"]
[Annotator "Marin,M"]
[PlyCount "62"]
[EventDate "2007.04.03"]
[EventType "swiss"]
[EventRounds "11"]
[EventCountry "GER"]
[SourceTitle "CBM 118"]
[Source "ChessBase"]
[SourceDate "2007.05.31"]
[SourceVersion "1"]
[SourceVersionDate "2007.05.31"]
[SourceQuality "1"]

1. e4 e5 2. Nf3 Nc6 3. Bb5 a6 4. Ba4 Nf6 5. O-O Nxe4 6. d4 b5 7. Bb3 d5 8. dxe5
Be6 9. Nbd2 Nc5 10. c3 d4 11. Bxe6 Nxe6 12. cxd4 Ncxd4 13. a4 Bb4 14. Nxd4 ({
The other possibility} 14. axb5 Nxb5 $1 {was covered in the notes to Volokitin,
A (2671)-Nakamura,H (2660)/Biel 2005/CBM 108/[Mikhalevski,V] (1/2-1/2, 41)})
14... Nxd4 $146 {Black makes a curious novely in a variation where things were
supposed to be OK for him.} ({The temporary pawn sacrifice} 14... Qxd4 {
activates the queen and leaves White slightly underdeveloped.} {"Winning"
pawns with} 15. axb5 (15. Qc2 O-O 16. Nf3 Qc4 17. Qxc4 bxc4 18. Be3 c3 19. bxc3
Bxc3 20. Rac1 Ba5 {Otero,D (2400)-Alonso,R (2387)/Santa Clara 2005/CBM 105 ext
(1/2-1/2, 41). The e6-knight ensures Black almost absolute stability in the
centre.}) (15. Qe2 O-O 16. Nf3 Qd5 (16... Qc4 {transposes above.}) 17. Be3 Rfd8
18. Qc2 c5 19. Rfd1 Qc6 20. h3 c4 $132 {Passerotti,P-Thipsay,P (2430)/Lucerne
1982/EXT 97-B (1/2-1/2, 26). Black has an active queenside position, while the
other wing is safely defended by his knight.}) 15... O-O 16. bxa6 $6 {looks
too risky, because of the pin along the d-file.} (16. Nf3 Qxd1 17. Rxd1 axb5 {
Djukic,N (2521)-Predojevic,B (2543)/Vrnjacka Banja 2005/EXT 2006 (1/2-1/2, 23)}
) (16. Rxa6 $2 Rad8 17. Qc2 Bxd2 18. Rd1 Bxc1 19. Rxd4 Nxd4 $19 {Predojevic}) (
16. Qa4 Bxd2 17. Qxd4 Nxd4 18. Bxd2 Nb3 19. Rad1 axb5 20. Bc3 c5 $36) 16...
Rfd8 17. Qf3 (17. Qc2 Bxd2 18. Rd1 Bxc1 $1 19. Rxd4 Nxd4 20. Qxc7 Bxb2 $17)
17... Bxd2 18. Rd1 Bxc1 19. Rxd4 Nxd4 20. Qb7 {Navara,D (2646)-Hracek,Z (2581)/
Czechia 2005/EXT 2007 (1/2-1/2, 36)} Ra7 $3 21. Qxa7 Nc6 {[%cal Yd8d1]} 22.
Rxc1 Nxa7 $17) 15. Nf3 (15. axb5 {could lead to similar positions after} a5 (
15... axb5 $5 16. Rxa8 Qxa8 17. Qg4 $16 {[%csl Yd4,Yg7]}) 16. Nb3 (16. Nf3 {
transposes to the game.}) 16... Nxb3 17. Qxb3 O-O 18. Rd1 Qe8 {The white queen
is probably better placed on f3, because it keeps the a8-rook and the
f7-square under pressure at the same time.}) 15... Nxf3+ 16. Qxf3 O-O 17. axb5
a5 {Black consolidates his bishop and hopes to obtain compensation on light
squares.} ({However, I wonder whether Black had intended to play that from the
beginning or whether he simply noticed too late that} 17... axb5 $2 {loses to}
18. Rxa8 Qxa8 19. Qg4 c5 20. Bh6 $18) 18. Rd1 Qe8 19. Rd5 c6 20. bxc6 Qxc6 21.
Be3 (21. Bf4 Qc2 22. b3 $14 {offered White chances to consolidate his material
advantage.}) 21... Qc2 22. Qd1 $6 (22. Bd4 Rad8 $44) (22. Rd7 $1 {[%csl Ga8]
[%cal Yd7f7]} Rad8 23. Qd1 $1 $14 {maintains White's minimal material
advantage.}) 22... Qxb2 23. Bd4 Bc3 $11 24. Rb1 Qd2 25. Qxd2 Bxd2 26. Kf1 Rfd8
27. Rxd8+ Rxd8 28. Rb7 f6 29. Bb6 Re8 30. Bc7 Bc3 31. Ra7 Bxe5 1/2-1/2

[Event "ROM-chT"]
[Site "Predeal"]
[Date "2007.10.17"]
[Round "5"]
[White "Thesing, Matthias"]
[Black "Marin, Mihail"]
[Result "0-1"]
[WhiteElo "2393"]
[BlackElo "2551"]
[Annotator "Marin,M"]
[PlyCount "90"]
[EventDate "2007.10.13"]
[EventType "team"]
[EventRounds "9"]
[EventCountry "ROU"]
[SourceTitle "CBM 121"]
[Source "ChessBase"]
[SourceDate "2007.11.14"]
[SourceVersion "1"]
[SourceVersionDate "2007.11.14"]
[SourceQuality "1"]
[TimeControl "5400"]
[WhiteClock "0:00:16"]
[BlackClock "0:00:01"]

1. e4 e5 2. Nf3 Nc6 3. Bb5 a6 4. Ba4 Nf6 5. O-O Nxe4 6. d4 b5 7. Bb3 d5 8. dxe5
Be6 9. Nbd2 Nc5 10. c3 g6 $5 {For decades, this move has enjoyed a bad
reputation, as a consequence of having led Korchnoi to his first defeat in the
dramatical Baguio match against Karpov, back in 1978. However, in recent years
Korchnoi has come back to his old "invention", obtaining entirely adequate
positions.} 11. Qe2 {Following Karpov's "recipe".} (11. Re1 {is probably
premature because of} Nd3 12. Re3 Nxc1 13. Rxc1 Bh6 14. Rd3 (14. Re1 $5) 14...
O-O 15. Qe2 Ne7 16. c4 {(! van der Tak)} (16. Rd1 c5 $17 {[%csl Gd3] Fedorchuk,
S (2564)-Kortschnoj,V (2634)/Warsaw 2002/CB03 (1-0, 87)}) 16... bxc4 $1 {/\Qb8}
(16... Bf5 17. cxd5 $1 Bxd3 18. Qxd3 $44 {van der Tak})) ({Therefore, it is
useful to play} 11. Bc2 {first.} Bg7 12. Re1 O-O ({For the over-ambitious} 
12... Nd7 {see Baramidze,D (2470)-Belikov,V (2499)/Dortmund 2003/CBM 097/
[Postny] (1/2-1/2, 46)}) 13. Nb3 Nxb3 14. Bxb3 Na5 15. Bf4 (15. Bg5 $5 {
Kortschnoj} Qd7 16. Bf6 {deserves practical testing.}) 15... c5 (15... Nc4 $1
16. Qe2 c5 17. h3 Re8 18. Rad1 Qb6 19. Nh2 Rad8 20. Bg5 Rd7 21. Bf6 d4 $132)
16. Qd2 Nxb3 17. axb3 $14 {Barasz,Z-Hromadka,K/Bad Pistyan 1912/HCL (1-0, 61)})
(11. Nd4 $5 {is an accelerated version of the sacrifice of the central pawn.}
Nxe5 ({Here, too,} 11... Qd7 {comes into consideration, as in our main game.})
12. Bc2 Bg7 ({Maybe Black should keep queenside castling in reserve with} 12...
Qd7) 13. f4 Nc4 $6 (13... Ned3 $5) 14. Nxc4 dxc4 15. f5 gxf5 16. Nxe6 Nxe6 17.
Qh5 $40 {Nijboer,F (2584)-Sokolov,I (2676)/Hilversum 2006/TWIC 608 (1-0, 21)})
11... Bg7 12. Nd4 Qd7 $5 (12... Nxe5 13. f4 Nc4 $2 ({Korchnoi recommends} 13...
Ned3 14. f5 gxf5 15. Nxf5 O-O 16. Nxg7 Kxg7 17. Bc2 Nxc1 18. Raxc1 Qd6 19. b4
Nd7 20. Nf3 Rae8 21. Qd3 f5 22. Nd4 Ne5 23. Qg3+ Kh8 {"=/+/=". His evaluation
is entirely correct, but I felt that after} 24. Bxf5 {Black risks getting into
an unpleasant knight ending. When I play the Open Ruy Lopez, I aim for
positions that are full of strategic tension.}) 14. f5 gxf5 15. Nxf5 Rg8 16.
Nxc4 dxc4 17. Bc2 Nd3 18. Bh6 $40 {Karpov,A (2725)-Kortschnoj,V (2665)/Baguio
City 1978/MainBase (1-0, 28)}) 13. f4 O-O 14. N2f3 $146 {A logical move,
maintaining the tension still.} (14. Nxe6 fxe6 15. Bc2 d4 $132 {Esch,H-Hase,W/
GER-ch qgC05 corr9395 1993/Corr Nr. 1 (0-1, 52)}) 14... f6 ({I disliked} 14...
Rae8 {because of} 15. Be3 f6 16. Nxe6 Nxe6 17. Rad1 {, but Black seems to
remain solid after} Ne7 $13 {/+/=. Still, I prefer the game continuation.}) 15.
Be3 (15. Nxe6 Qxe6 $1 {[%csl Re5][%cal Ge6e2]} 16. Nd4 Nxd4 17. cxd4 Nxb3 18.
axb3 c5 {Attacking White's centre from both sides.} 19. Be3 Rfe8 20. Rae1 $11)
15... Bg4 $5 16. Nxc6 Qxc6 {I spent a long time on this move, because I felt
it is not easy to choose the right moment to exchange on b3.} (16... Nxb3 $5
17. axb3 (17. exf6 Bxf6 18. Nce5 $2 Bxe5 19. Nxe5 Bxe2 20. Nxd7 Nxa1 21. Rxa1
Rfd8 22. Ne5 {ץe2} g5 23. fxg5 Re8 24. Bf4 Re7 25. Kf2 Rf8 $17) 17... Qxc6 18.
exf6 Rxf6 19. Qd2 Bxf3 20. Rxf3 Re8 21. Bd4 Rfe6 22. Bxg7 Kxg7 23. Qd4+ Kg8 24.
Rd1 Re1+ $132) 17. Bxc5 (17. exf6 Rxf6 18. Qd2 Nxb3 19. axb3 {would transpose
to 16...Nxb3, meaning that the move order chosen by me just gave White an
additional opportunity. Maybe not a good one, though...}) 17... Qxc5+ 18. Qf2
Qxf2+ 19. Rxf2 Bxf3 (19... c6 20. Nd4 (20. exf6 Bxf6 21. Nd4 Bd7 $15 {^^})
20... fxe5 (20... Bd7 $2 21. e6 Be8 22. f5 $16) 21. Nxc6 exf4 22. Bxd5+ Kh8 $13
) 20. Rxf3 {Matthias offered a draw here. The presence of opposite coloured
bishops make this result look quite probable, but I liked my central pawns
very much, because they restrict the enemy bishop. Black's advantage is of
rather symbolic nature, but it would have been a pity not to play on, at least
for a couple of moves until obvious equality.} c6 21. e6 $5 (21. exf6 {still
leaves Black with the slightly more pleasant position.} Rxf6 22. Re1 (22. g3
Re8 $15) 22... Bf8 $5 (22... Raf8 23. h4 $5 Rxf4 24. Rxf4 Rxf4 25. Re6 Rf6 26.
Rxc6 $1) 23. g3 Bc5+ 24. Kg2 Kf7 $15) 21... f5 $8 $15 {[%csl Rb3,Re6] All
Black's pawns are on light squares now, leaving the enemy bishop looking very
passive on b3. At the same time, the e6-pawn is doomed in the long run.
Black's main plan is to win that pawn by keeping one pair of rooks on board,
but this is not easy. On the other hand, I thought that sometimes even the
pure bishop ending would offer wining chances, because of Black's strategic
advantage.} (21... Rfe8 22. f5 $1 $14 gxf5 $2 23. Re1 Re7 24. Bc2 $16) 22. Re1
(22. a4 $5) 22... Rae8 23. h3 Rf6 24. Rfe3 (24. e7 $6 Kf7 25. Rfe3 Rd6 26. g4
fxg4 27. hxg4 Bf6 $17) 24... h5 25. Kf2 Kf8 (25... Bf8 $2 {would reveal the
hidden force of the enemy bishop:} 26. e7 Bh6 27. Re6 Kf7 28. Rxc6 $1 $14) 26.
Bc2 Ke7 27. b3 {[%csl Rc3][%cal Gc3c4] /\c4} Rd8 28. Kf3 (28. c4 $2 d4 29. Re5
d3 30. Bd1 Rff8 $19 {צe5}) 28... Rd6 29. R3e2 (29. c4 $5 d4 30. R3e2 d3 $6 31.
Rd2 $1 $11 dxc2 $2 32. Rxd6 Kxd6 33. e7 c1=Q 34. e8=Q $18 {עd6}) 29... Rf8 30.
c4 (30. Re3 h4 $17) 30... Bc3 31. Rg1 (31. c5 Rdd8 32. Rc1 d4 $17) 31... Rxe6
32. cxd5 (32. Rxe6+ Kxe6 33. cxd5+ Kxd5 $5 (33... cxd5 34. g4 fxg4+ 35. hxg4
Be5 36. f5+ Kd6 37. Rh1 hxg4+ 38. Kxg4 gxf5+ 39. Bxf5 Rg8+ $17) 34. g4 Bd4 35.
Re1 (35. Rd1 Re8 $36) 35... fxg4+ 36. hxg4 g5 37. f5 h4 $17 38. Re6 Rf6 $1 {
If White exchanges rooks, the passed h- and c-pawns would decide the game in
Black's favour.}) 32... Rxe2 33. Kxe2 cxd5 34. Kf3 Kd6 35. Rd1 (35. g4 $2 fxg4+
36. hxg4 Be5 37. f5 hxg4+ 38. Kxg4 gxf5+ 39. Bxf5 $2 Rg8+ $19) 35... h4 $19 {
[%csl Gd5,Gf4] Black has a passed pawn in the centre and a target on the
kingside. This should be enough for a win.} 36. Rd3 Bb4 (36... d4 $5) 37. a4
Rc8 38. Bd1 Rc1 39. axb5 axb5 40. Be2 Kc5 41. Re3 Be1 42. Bd3 Rc3 43. Bf1 (43.
Ke2 Kd4 44. b4 Ra3 45. Rf3 Bxb4 46. Bxb5 Ra2+ 47. Kf1 Bc5 $22 48. Bd3 Ra1+ 49.
Ke2 Rg1 50. Kf2 Kc3+ 51. Ke2 Rxg2+ 52. Kf1 Rg1+ 53. Ke2 Kd4 $19) 43... d4 44.
Rd3 (44. Rxc3+ dxc3 45. Bd3 Kb4 46. Bc2 Ka3 47. Ke2 Kb2 48. Kd3 Bg3 49. Bd1 Kc1
50. Bc2 b4 $19) 44... Rc2 $1 (44... Kb4 45. Ke2 $1 $132) 45. Be2 Rb2 $22 (45...
Rb2 46. b4+ Rxb4 47. Ra3 Ra4 48. Rb3 b4 {/\...Ra3}) 0-1